000 00287nam a22001217a 4500
008 181031b xxu||||| |||| 00| 0 eng d
041 _aeng
080 _a101
100 _a15
101 _aFIL
245 _aEght Philosophers Of The Italian Renaissance
_cPaul.O
942 _2udc
_cBK
999 _c51249
_d51249